000 01909cam a22004694i 4500
003 PE-LiUPU
005 20250731165412.0
008 151026s1999 pe a grm 000 0 spa d
035 _a(Sirsi) a155064
040 _aPE-LiUPU
_bspa
_cPE-LiUPU
_erda
099 _aTNH 2
_bC45 1999
100 1 _aCerrón Vilchez, María Ana
_eautor
245 1 _aFactores de riesgo y el estado nutricional de los pacientes en hemodiálisis ambulatoria del Centro Metropolitano Lima-Perú hospitalizados durante los meses de agosto a diciembre de 1998 /
_cMaría Ana Cerrón Vilchez.
264 0 _c1999.
300 _a112 hojas
_c30 cm
336 _atext
_2rdacontent
337 _aunmediated
_2rdamedia
338 _avolume
_2rdacarrier
502 _aTesis
_b(Lic.) --
_cUniversidad Peruana Unión,
_d1999.
504 _aIncluye referencias
520 3 _aEl presente trabajo de investigación se realizo en el Centro Metropolitano de Hemodiálisis Lima-Perú. El propósito de este trabajo fue determinar la relación de factores de Riesgo y el estado nutricional de los pacientes en Hemodiálisis hospitalizados durante los meses de Agosto a Diciembre de 1998. Fueron 53 pacientes en total los que recibieron tratamiento estando hospitalizados los mese de Agosto-Diciembre de 1998.
526 _aSEG44
526 _aSEG26
526 _aP151
526 _aP150
526 _aP149
526 _aP146
526 _aP145
526 _aP126
526 _aP125
526 _aP92
526 _aP75
526 _aP74
526 _aP27
526 _aP15
650 0 4 _aHemodializados
_xNutrición.
650 0 4 _aHemodiálisis
_xAspectos nutricionales.
700 1 _aRicra Yauli, Nilda Patricia
596 _a1
942 _2ddc
_cTESIS
999 _aTNH 2 C45 1999
_wALPHANUM
_c7755
_iT00240
_lCCODEBUL3
_mBUL
_r1
_sY
_tTESIS
_u2015-10-26
_xSALUD
_PP31
_o.STAFF. Tesis
_d7755
980 _81
_gALBERTO SANCHEZ Responsable de Automatización